Celebrities as Miis - Statistics

General Stats
  • This quiz has been taken 159 times
  • The average score is 8 of 15
Answer Stats
Picture Answer % Correct
Michael Jackson
97%
Barack Obama
96%
Albert Einstein
91%
Donald Trump
89%
Johnny Depp
72%
John Lennon
69%
Freddie Mercury
66%
Bruce Lee
58%
Charlie Chaplin
46%
Vladimir Putin
43%
Daft Punk
22%
Sylvester Stallone
20%
François Hollande
16%
Lenin
9%
Kim Jong-Il
6%
No matching quizzes found
Score Distribution
Percent of People with Each Score
Percentile by Number Answered
Your Score History
You have not taken this quiz